| 000 | 01090nam a2200325 i 4500 | ||
|---|---|---|---|
| 003 | EG-GICUC | ||
| 005 | 20260121101334.0 | ||
| 008 | 251123s1974 ua |||fr|||| 000 0 ara d | ||
| 017 | _a74/4467 | ||
| 040 |
_a EG-GICUC _bara _c EG-GICUC _d EG-GICUC _erda |
||
| 041 | 0 | _aara | |
| 082 | 0 | 4 |
_221 _a345.432 _bف و . ن |
| 092 | 0 | 4 | _221 |
| 099 | _aLaw1 07 345.432 ف و . ن 1974 | ||
| 100 | 0 |
_aفوزي حبيش _eمؤلف. |
|
| 245 | 1 | 0 |
_aنظم الإجازات في الدول العربية / _cفوزي حبيش. |
| 264 | 1 |
_aالقاهرة : _bالمنظمة العربية للعلوم الإدارية، _c1974. |
|
| 300 |
_a52 صفحة ؛ _c24 سم. |
||
| 336 |
_2rda content _atext |
||
| 337 |
_2rda media _aComputer |
||
| 338 |
_2rda carrier _aOnline Resource |
||
| 546 | _aالنص باللغة العربية | ||
| 650 | 1 | 4 | _aالإجازات |
| 650 | 1 | 4 | _aالوظيفة العامة |
| 650 | 1 | 4 | _aحقوق الموظف العام |
| 651 | 1 | _2qrmak | |
| 856 | 4 | 0 | _uhttps://fll.law.cu.edu.eg/fulltext/bks/B07-00073.pdf |
| 905 |
_a78 _eEman |
||
| 942 |
_2ddc _cBK _e21 _n0 |
||
| 999 |
_c45478 _d45478 |
||